LEADER 01474nam1 22003133i 450 001 CAGE036175 005 20170908093315.0 100 $a20130522d1729 ||||0itac50 ba 101 | $aeng 102 $agb 181 1$6z01$ai $bxxxe 182 1$6z01$an 200 1 $a˜The œmathematical principles of natural philosophy. By Sir Isaac Newton. Translated into english by Andrew Motte. To which are added, The laws of the moon's motion, according to gravity. By John Machin astron. prof. ... In two volumes 210 $aLondon$cPrinted for Benjamin Motte, at the Middle-Temple-Gate, in Fleetstreet$d1729 215 $a2 v.$cill.$d8° 300 $a La data è espressa in numeri romani 463 1$1001CAGE036257$12000 $a1$v1 463 1$1001CAGE036258$12000 $a2$v2 620 $aGB$dLondra$3MUSL001931 700 1$aNewton$b, Isaac$3CFIV002501$4070$04135 702 1$aMotte$b, Andrew$3SBLV071352 712 02$aMotte, Benjamin$f $3PUVV288745$4650 801 3$aIT$bIT-NA0079$c20130522 850 $aIT-NA0116 912 $aCAGE036175 950 1$aBiblioteca dell'INAF - Osservatorio astronomico di Capodimonte$cV. 1-2$d 78STOR. ANT.FISICA E MECCANICA E055 977 $a 78 996 $aMathematical principles of natural philosophy. By Sir Isaac Newton. Translated into english by Andrew Motte. To which are added, The laws of the moon's motion, according to gravity. By John Machin astron. prof. ... In two volumes$91485574 997 $aUNISANNIO LEADER 05403nam 2200817 a 450 001 9910784010503321 005 20230721025443.0 010 $a1-78892-064-3 010 $a1-280-93501-4 010 $a9786610935017 010 $a1-85359-968-9 024 7 $a10.21832/9781853599682 035 $a(CKB)1000000000336995 035 $a(EBL)307304 035 $a(OCoLC)437186749 035 $a(SSID)ssj0000242836 035 $a(PQKBManifestationID)11215886 035 $a(PQKBTitleCode)TC0000242836 035 $a(PQKBWorkID)10320538 035 $a(PQKB)11318172 035 $a(MiAaPQ)EBC307304 035 $a(DE-B1597)513533 035 $a(OCoLC)1078919264 035 $a(DE-B1597)9781853599682 035 $a(Au-PeEL)EBL307304 035 $a(CaPaEBR)ebr10189005 035 $a(CaONFJC)MIL93501 035 $a(EXLCZ)991000000000336995 100 $a20070103d2007 uy 0 101 0 $aeng 135 $aurnn#---|u||u 181 $ctxt 182 $cc 183 $acr 200 00$aSecond language lexical processes$b[electronic resource] $eapplied linguistic and psycholinguistic perspectives /$fedited by Zsolt Lengyel and Judit Navracsics 210 $aClevedon ;$aBuffalo $cMultilingual Matters$dc2007 215 $a1 online resource (205 p.) 225 1 $aSecond language acquisition ;$v23 300 $aDescription based upon print version of record. 311 0 $a1-85359-966-2 311 0 $a1-85359-967-0 320 $aIncludes bibliographical references and indexes. 327 $tFront matter --$tContents --$tThe Contributors --$tPreface --$t1. How Integrated is the Integrated Mental Lexicon? --$t2. Word Classes and the Bilingual Mental Lexicon --$t3. Speech Perception Processing in First and Second Language in Bilinguals and L2 Learners --$t4. A Comparative Study of Mother-Tongue and Foreign Language Speech Perception, Lexical Access and Speech Comprehension Processes --$t5. Slip of the Doctor?s Eye: Recognising English Contact Induced Features in Hungarian Medical Texts --$t6. Vocabulary Assessment in Writing: Lexical Statistics --$t7. The Use of High- and Low-Frequency Verbs in English Native and Non-Native Student Writing --$t8. Selection of Grammatical Morphemes in Early Bilingual Development --$t9 The Importance of Language Specific Features For Vocabulary Acquisition: An Example of Croatian --$t10. Analysing L2 Lexical Processes Via C Test --$tIndex 330 $aThe book contains studies on second language lexical processes based on empirical findings by authors mostly from Central Europe. The reader may have access to how lexical items are stored in the memory and also to how second language lexicons work in speech processing. Questions of the two lexicons? integration or separation, the fashion of bilingual word storage, vocabulary acquisition and assessment, word retrieval from the memory and lexical access are the focus of the studies. The authors of the studies refer to analyses of different psycholinguistic experiments (e.g. a word association test, speech perception tests, a Cloze-test). Assessment of written work of second language learners both at secondary school and university levels is also provided. Second language lexical acquisition processes are described and the influences of different types of languages on each other are shown. The second languages involved are mainly internationally less widely investigated and published languages of Finno-Ugric (i.e. Hungarian) and Indo-European (e.g. Croatian, Polish, Russian, etc.) origin next to the more frequently studied English and German. The studies included in our volume focus on lexical acquisition and processing and also make reference to pedagogical questions. They include investigations of lexical perception, production, acquisitional processes and vocabulary assessment. The novelty of the book is that the studies make reference to Hungarian and a number of Slavic languages. They provide the reader with new perspectives on second language lexical acquisition processes when the source language and the target language are distinct from a typological point of view, the lexicon in processing terms. The book is intended for the use of undergraduate and graduate students of second language studies, psycholinguistics and/or bilingualism researchers, teachers and academics whose interests include a second language acquisition component. 410 0$aSecond language acquisition (Clevedon, England) ;$v23. 606 $aSecond language acquisition 606 $aLexicology$xPsychological aspects 610 $aL2 lexical processes. 610 $aL2 processing. 610 $aSLA. 610 $aSecond Language Acquisition. 610 $alearning vocab. 610 $alexical access. 610 $alexical acquisition. 610 $alexicon. 610 $amemory. 610 $apsycholinguistics. 610 $asecond language lexical processes. 610 $avocabulary acquisition. 615 0$aSecond language acquisition. 615 0$aLexicology$xPsychological aspects. 676 $a401/.93 701 $aLengyel$b Zsolt$01543559 701 $aNavracsics$b Judit$f1960-$01543560 801 0$bMiAaPQ 801 1$bMiAaPQ 801 2$bMiAaPQ 906 $aBOOK 912 $a9910784010503321 996 $aSecond language lexical processes$93797078 997 $aUNINA LEADER 05210nam 22008894a 450 001 9910143332603321 005 20240214153002.0 010 $a0-470-69282-0 010 $a1-282-34845-0 010 $a9786612348457 010 $a1-78268-466-2 010 $a1-280-28458-7 010 $a9786610284580 010 $a0-470-69356-8 010 $a1-4051-2889-5 035 $a(CKB)1000000000209988 035 $a(EBL)214141 035 $a(SSID)ssj0000126105 035 $a(PQKBManifestationID)11133578 035 $a(PQKBTitleCode)TC0000126105 035 $a(PQKBWorkID)10030164 035 $a(PQKB)10433370 035 $a(Au-PeEL)EBL214141 035 $a(CaPaEBR)ebr10232809 035 $a(Au-PeEL)EBL4957330 035 $a(CaONFJC)MIL234845 035 $a(PPN)149809433 035 $a(MiAaPQ)EBC214141 035 $a(OCoLC)232611613 035 $a(EXLCZ)991000000000209988 100 $a20030114d2004 uy 0 101 0 $aeng 135 $aur|n|---||||| 181 $ctxt 182 $cc 183 $acr 200 02$aA companion to gender history$b[electronic resource] /$fedited by Teresa A. Meade and Merry E. Wiesner-Hanks 210 $aMalden, MA $cBlackwell Publishing$d2004 215 $a1 online resource (690 pages) 225 1 $aBlackwell companions to history 300 $aDescription based upon print version of record. 311 0 $a0-631-22393-2 320 $aIncludes bibliographical references and index. 327 $aIntroduction: Teresa A. Meade and Merry Wiesner-Hanks -- Thematic essays on gender issues in world history: Sexuality / Robert Nye; Labor / Laura Frader; Family and kinship / Merry Wiesner-Hanks; Religion / Ursula King; Law and politics / Susan Kinsley Kent; Race, gender, and other differences in feminist theory / Deirdre Keenan; Gender and education / Pavla Miller; How images got their gender: masculinity and femininity in the visual arts / Mary D. Sheriff; Revolution, nationalism, anti-imperialism / Temma Kaplan; Feminist movements / Barbara Winslow -- Chronological and geographical essays. Prehistory. Gender and the formation of the first human societies / Marcia-Anne Dobres; Classical and post-classical societies (2000 bce-1400 ce); Middle East and South Asia / Guity Nashat; Gendered themes in early African history / David Schoenbrun; Early Western civilization under the sign of gender: Europe, and the Mediterranean / Paul Halsall; The Americas / Rosemary A. Joyce; Gender and the development of modern society (1400-1750); Gender history, Southeast Asia, and the "World Region Framework" / Barbara Watson Andaya; Gender in early modern Western Europe / Julie Hardwick; Gender in early modern Eastern Europe and Russia / Nancy Shields Kollmann; A new world engendered, the making of the Iberian transatlantic empires / Verena Stolcke; Gender and the modern world (1750-1920); The Middle East and North Africa / Judith Tucker; Sub-Saharan Africa / Marcia Wright; South Asia, Southeast Asia, Australia and New Zealand / Nupur Chaudhuri; Gender in East Asia (1600-1919) / Anne Walthall; Europe / Deborah Valenze; Latin America and the Caribbean / Sonya Lipsett-Rivera; North America / Linda Kealey; Gender in the contemporary world (1920-2003); Asia / Barbara Molony; Africa / Sean Redding; Russia and Eastern Europe / Barbara Evans Clements; Latin America and the Caribbean / Susan Besse; North America, Western Europe, Australia, and New Zealand / Charles Sowerwine with Patricia Grimshaw. 330 $aA Companion to Gender History surveys the history of women around the world, studies their interaction with men in gendered societies, and looks at the role of gender in shaping human behavior over thousands of years. An extensive survey of the history of women around the world, their interaction with men, and the role of gender in shaping human behavior over thousands of years. Discusses family history, the history of the body and sexuality, and cultural history alongside women's history and gender history. Considers the importance of class, region, ethn 410 0$aBlackwell companions to history. 606 $aSex role$xHistory 606 $aGender identity$xHistory 606 $aSex role$vCross-cultural studies 606 $aGender identity$vCross-cultural studies 606 $aFeminist theory 606 $aRol sexual$2thub 606 $aIdentitat sexual$2thub 606 $aTeoria feminista$2thub 606 $aHistòria$2thub 606 $aAnàlisi transcultural$2thub 608 $aLlibres electrònics$2thub 615 0$aSex role$xHistory. 615 0$aGender identity$xHistory. 615 0$aSex role 615 0$aGender identity 615 0$aFeminist theory. 615 7$aRol sexual 615 7$aIdentitat sexual 615 7$aTeoria feminista 615 7$aHistòria 615 7$aAnàlisi transcultural 676 $a305.3/09 701 $aMeade$b Teresa A.$f1948-$0900147 701 $aWiesner-Hanks$b Merry E.$f1952-$0481642 801 0$bMiAaPQ 801 1$bMiAaPQ 801 2$bMiAaPQ 906 $aBOOK 912 $a9910143332603321 996 $aA companion to gender history$92011020 997 $aUNINA